Catálogo público

Controles sanitarios en cumplimiento al TIF / (Record no. 219868)

MARC details
000 -CABECERA
campo de control de longitud fija 04301nam a2200361 a 4500
003 - IDENTIFICADOR DEL NÚMERO DE CONTROL
campo de control CHAP
005 - FECHA Y HORA DE LA ÚLTIMA TRANSACCIÓN
campo de control 20250128124414.0
007 - CAMPO FIJO DE DESCRIPCIÓN FÍSICA--INFORMACIÓN GENERAL
campo de control de longitud fija ta
008 - DATOS DE LONGITUD FIJA--INFORMACIÓN GENERAL
campo de control de longitud fija 240422s2024 mx do||fom||| 001 0 spa d
040 ## - FUENTE DE LA CATALOGACIÓN
Normas de descripción rda
041 ## - CÓDIGO DE LENGUA
Código de lengua del texto/banda sonora o título independiente spa
Código de lengua del sumario o resumen eng
100 1# - ENTRADA PRINCIPAL--NOMBRE DE PERSONA
9 (RLIN) 185570
Nombre de persona Espejel Almeraya, Aldo
245 10 - MENCIÓN DE TÍTULO
Título Controles sanitarios en cumplimiento al TIF /
Mención de responsabilidad, etc. Aldo Espejel Almeraya
264 #1 - PRODUCCIÓN, PUBLICACIÓN, DISTRIBUCIÓN, FABRICACIÓN Y COPYRIGHT
Producción, publicación, distribución, fabricación y copyright Chapingo, México :
Nombre del de productor, editor, distribuidor, fabricante El autor,
Fecha de producción, publicación, distribución, fabricación o copyright 2024
300 ## - DESCRIPCIÓN FÍSICA
Extensión 1 recurso en línea (149 páginas) :
Otras características físicas gráficas, tablas, fotos
336 ## - TIPO DE CONTENIDO
Fuente rdacontent
Término de tipo de contenido texto
Código de tipo de contenido txt
337 ## - TIPO DE MEDIO
Fuente rdamedia
Nombre/término del tipo de medio computadora
Código del tipo de medio c
338 ## - TIPO DE SOPORTE
Fuente rdacarrier
Nombre/término del tipo de soporte recurso en línea
Código del tipo de soporte cr
502 ## - NOTA DE TESIS
Nota de tesis Informe de Estancia Preprofesional
Tipo de título (Ingeniero Agroindustrial) --
Nombre de la institución que otorga el título Departamento de Ingeniería Agroindustrial,
Año de obtención del título 2024.
Información miscelánea Licenciatura
504 ## - NOTA DE BIBLIOGRAFÍA, ETC.
Nota de bibliografía, etc. Bibliografía: páginas 54-56
520 3# - SUMARIO, ETC.
Sumario, etc. Durante muchos años la ganadería a formado parte de nuestra cotidianidad y ha estado presente en el desarrollo histórico del país. Podemos definir la ganadería como una actividad del sector primario que consiste en la cría, tratamiento y reproducción de animales domésticos con fines de producción para el consumo humano (SIAP, 2018). México es considerado un país ganadero donde se pueden producir las ganaderías bovinas, porcinas, ovinas, caprinas y aviar; los sistemas de producción pueden ser extensivos en donde se aprovecha al máximo todos los recursos, combinando producción con sostenibilidad y la ganadería intensiva es un sistema de producción mediante el cual se busca obtener una mayor rentabilidad en un plazo más corto mediante el aprovechamiento y optimización de espacio (Cardoza, 2021). La ganadería no solo tiene como fin obtener productos cárnicos, sino que de igual manera nos puede brindar productos lácteos como el queso, crema, mantequilla y leche, huevo o algún otro alimento que se aproveche en grandes cantidades en nuestro país (SIAP, 2018). Actualmente el sector ganadero cuenta con un alto crecimiento del sector agropecuario a nivel mundial, siendo así la carne de res, el segundo producto ganadero de mayor consumo, superado sólo por la de ave, principalmente pollo (FIRCO, 2017). De acuerdo con datos del SIAP, durante el año 2021 a nivel nacional se tuvieron 13,356,369 cabezas de ganado bovino para producción de carne (SIAP, 2022). El lugar donde se procesa el ganado puede ser un centro de matanza, de los cuales existen tres tipos: Tipo Inspección Federal (TIF), municipales y privados (FIRCO, 2017). Los rastros TIF son instalaciones dedicadas a la matanza de animales, proceso de envasado, empacado, refrigerado o industrializado y que cuentan con Certificación por el Servicio Nacional de Sanidad, Inocuidad y Calidad Agroalimentaria (SENASICA) y están sujetos a regulación por parte de la SADER, anteriormente SAGARPA (FIRCO, 2017). El sistema TIF tiene la finalidad de abastecer a los consumidores de carnes de buena calidad y en óptimas condiciones sanitarias minimizando el riesgo de los productos y subproductos cárnicos (FIRCO, 2016). Actualmente en México operan 471 establecimientos TIF en 30 estados del país (SADER, 2020) y de acuerdo con información del Consejo Mexicano de la Carne aproximadamente el 47% de las matanzas realizadas en el país para los bovinos son realizados en instalaciones TIF (COMECARNE, 2022). Durante 2022, la mayor producción de carne en canal en México fue de siete millones ochocientos treinta y tres mil toneladas (Castillo, 2023), de la producción total aproximadamente dos millones ciento setenta y cinco mil toneladas corresponden a la carne en canal de bovino siendo superada por la carne en canal de ave (SIAP, 2023).
650 13 - PUNTO DE ACCESO ADICIONAL DE MATERIA--TÉRMINO DE MATERIA
9 (RLIN) 157573
Término de materia o nombre geográfico como elemento de entrada Mataderos
Subdivisión general Certificación
Subdivisión geográfica México
Fuente del encabezamiento o término atg
650 13 - PUNTO DE ACCESO ADICIONAL DE MATERIA--TÉRMINO DE MATERIA
9 (RLIN) 155443
Término de materia o nombre geográfico como elemento de entrada Productos cárnicos
Subdivisión general Calidad del producto
Fuente del encabezamiento o término atg
650 13 - PUNTO DE ACCESO ADICIONAL DE MATERIA--TÉRMINO DE MATERIA
9 (RLIN) 138315
Término de materia o nombre geográfico como elemento de entrada Calidad de la carne
Fuente del encabezamiento o término atg
650 13 - PUNTO DE ACCESO ADICIONAL DE MATERIA--TÉRMINO DE MATERIA
9 (RLIN) 157575
Término de materia o nombre geográfico como elemento de entrada Slaughterhouses
Subdivisión general Certification
Subdivisión geográfica Mexico
Fuente del encabezamiento o término atg
650 13 - PUNTO DE ACCESO ADICIONAL DE MATERIA--TÉRMINO DE MATERIA
9 (RLIN) 155442
Término de materia o nombre geográfico como elemento de entrada Meat products
Subdivisión general Product quality
Fuente del encabezamiento o término atg
650 13 - PUNTO DE ACCESO ADICIONAL DE MATERIA--TÉRMINO DE MATERIA
9 (RLIN) 150733
Término de materia o nombre geográfico como elemento de entrada Meat quality
Fuente del encabezamiento o término atg
700 1# - PUNTO DE ACCESO ADICIONAL--NOMBRE DE PERSONA
9 (RLIN) 147446
Nombre de persona Espejel García, Anastacio
Término indicativo de función/relación director
700 1# - PUNTO DE ACCESO ADICIONAL--NOMBRE DE PERSONA
9 (RLIN) 113948
Nombre de persona Toriz Robles, Nancy
Término indicativo de función/relación asesora
700 1# - PUNTO DE ACCESO ADICIONAL--NOMBRE DE PERSONA
Nombre de persona Barrera Rodríguez, Ariadna Isabel
Término indicativo de función/relación asesora
9 (RLIN) 163078
856 40 - LOCALIZACIÓN Y ACCESO ELECTRÓNICOS
Identificador Uniforme del Recurso http://10.13.5.2/tesis/tl/1610674-8_ESPEJEL_ALMERAYA_ALDO.pdf
Nota pública DESCARGAR PDF
942 ## - ELEMENTOS DE PUNTO DE ACCESO ADICIONAL (KOHA)
Fuente del sistema de clasificación o colocación Clasificación Universidad Autónoma Chapingo
Tipo de ítem Koha Tesis digital
Holdings
Estado de retiro Estado de pérdida Fuente del sistema de clasificación o colocación Estado dañado No para préstamo Código de colección Localización permanente Ubicación/localización actual Ubicación en estantería Fecha de adquisición Fuente de adquisición Total de préstamos Código de barras Fecha visto por última vez Precio válido a partir de Tipo de ítem Koha
    Clasificación Universidad Autónoma de Chapingo     Tesis digitales de Licenciatura Ingenieria Agroindustrial Ingenieria Agroindustrial En línea 05/06/2024 El autor   1201013848 05/06/2024 05/06/2024 Tesis digital